Statistics for guess the TV show female

Click here to take the quiz!

General Stats

  • This quiz has been taken 35 times
  • The average score is 23 of 82

Answer Stats

female roleshow% Correct
Sansa StarkGame of Thrones
61%
PennyThe Big Bang Theory
58%
Bernadette WolowitzThe Big Bang Theory
58%
Toni TopazRiverdale
55%
Veronica LodgeRiverdale
55%
Cheryl BlossomRiverdale
55%
Betty CooperRiverdale
55%
Sabrina SpellmanSabrina the teenage witch
55%
Amy PondDoctor Who
48%
the DoctorDoctor Who
48%
YazDoctor Who
48%
Clara OswaldDoctor Who
48%
Maggie SawyerSupergirl
45%
Kara Zor-elSupergirl
45%
Alex DanversSupergirl
45%
Cristal FloresDynasty
42%
Fallon CarringtonDynasty
42%
Alison DilaurentisPretty Little Liars
39%
Spencer HastingsPretty Little Liars
39%
Emily FieldsPretty Little Liars
39%
hanna MarinPretty Little Liars
39%
Aria MontgomeryPretty Little Liars
39%
Sue SylvesterGlee
35%
Rachel BerryGlee
35%
Quinn FabrayGlee
35%
Emma PillsburyGlee
35%
Robin ScherbatskyHow I Met Your Mother
35%
Caroline ForbesThe Vampire Diaries
35%
Piper HalliwellCharmed
32%
MelCharmed
32%
Jacinda MillsOnce Upon a time
32%
Ivy BelfryOnce Upon a Time
32%
GothelOnce Upon a Time
32%
MaleficentOnce upon a Time
32%
Cruella De VilOnce upon a Time
32%
MeridaOnce Upon a Time
32%
Emma SwanOnce Upon a Time
32%
Regina MillsOnce Upon a time
32%
Hope MikaelsonThe Originals
32%
Hayley MarshallThe Originals
32%
rebekah MikaelsonThe Originals
32%
davina ClaireThe Originals
32%
Mary WatsonSherlock
23%
Mrs HudsonSherlock
23%
Irene AdlerSherlock
23%
Eleanor ShellstropThe Good Place
23%
Tahani Al-JamilThe Good Place
23%
JanetThe Good Place
23%
Miley Stewarthannah Montana
19%
LilyHannah Montana
19%
Alex RussoWizards of Waverly Place
19%
HarperWizards of Waverly Place
19%
Sister JulienneCall the Midwife
16%
Sister Monica JoanCall the Midwife
16%
Trixie FranklinCall the Midwife
16%
VillanelleKilling Eve
13%
Eve PolastriKilling Eve
13%
GreerReign
13%
Claude ValoisReign
13%
LolaReign
13%
Catherine De MediciReign
13%
ElizabethReign
13%
Mary StuartReign
13%
Clarke GriffinThe 100
13%
Abby GriffinThe 100
13%
Madi GriffinThe 100
13%
Octavia BlakeThe 100
13%
IndraThe 100
13%
GaiaThe 100
13%
Raven ReyesThe 100
13%
Zelda SpellmanThe Chilling Adventures of Sabrina
13%
Hilda Spellmanthe Chilling adventures of Sabrina
13%
Ally DawsonAustin & Ally
10%
Trish De la RosaAustin & Ally
10%
Caitlin SnowThe Flash
10%
Lillian KaustupperUnbreakable Kimmy Schmidt
10%
Kimmy SchmidtUnbreakable Kimmy Schmidt
10%
LehzenVictoria
10%
VictoriaVictoria
10%
Diana BishopA Discovery of Witches
6%
Elena GilbertThe Vampire Diaires
0%
Bonnie BennettThe Vampire Diairies
0%

Score Distribution

Percentile by Number Answered

Percent of People with Each Score

Your Score History

You have not taken this quiz